000 01131nam a2200253Ia 4500
003 OSt
005 20220923224941.0
006 a|||||r|||| 00| 0
007 ta
008 220922b |||||||| |||| 00| 0 hin d
024 _a254,132
037 _cTextual
040 _aARTS
_cARTS
_bhin
041 _2hin
_ahin
082 _aO15vL5, 152N1
100 _aमैक्डोनल, आर्थर एण्टनी; त्रिपाठी, रामसागर
_9168275
245 0 _aसंस्कृत साहित्य का इतिहास, अनुवादक रामसागर त्रिपाठी
246 _aSanskṛut sāhitya kā itihāsa, anuvādak rāmasāgar tripāṭhī
260 _aदिल्ली
_b चौखम्बा संस्कृत प्रतिष्ठान
_c1991
300 _a627पृ.
_ccm.
650 _aहिन्दी साहित्य
_9156264
942 _hO15vL5, 152N1
_cTEXL
_2CC
999 _c374900
_d374900